000 00317nam a22001337a 4500
020 _a978-1-84901-379-6
082 _a823
_bBRE/B
100 _aBRETT, SIMON
245 _aBLOTTO, TWINKS AND THE EX-KING'S DAUGHTER
260 _aLONDON
_bROBINSON
_c2009
300 _a185
650 _aNOVEL
_zUNITED KINGDOM
942 _cBK
999 _c2818
_d2818